« Retourner aux résultats de recherche
Perce-Neige et les trois ogresses
| Auteur principal: | Gaël Aymon |
|---|---|
| D'autres auteurs: | Peggy Nille |
| Support: | Livres |
| Langue: | Francais |
| Publié: |
2014 Talents hauts [Saint-Mandé] |
| Genre: |
Conte |
| Sujets: | |
| Étiquettes: |
Ajouter
Pas de Tags !
|
| LEADER | 01020nam0a2200205 450 | ||
|---|---|---|---|
| 001 | 16847123 | ||
| 010 | |a 978-2-36266-116-7 |b cart. |d 16,5 | ||
| 100 | |a 20141014d2014 u u0frey01 ba | ||
| 101 | 0 | |a fre | |
| 102 | |a FR | ||
| 200 | 0 | |a Perce-Neige et les trois ogresses |f un conte de Gaël Aymon |g illustré par Peggy Nille | |
| 207 | 1 | |a | |
| 210 | |a [Saint-Mandé] |c Talents hauts |d 2014 | ||
| 215 | |a 1 vol. (24 p.) |c illustrations en couleur |d 34 cm | ||
| 330 | |a Perce-Neige a bien du mal à assumer son rôle de prince et refuse de se battre, au grand désespoir de son père. Ce dernier décide de l'envoyer au combat contre son gré. Perce-Neige arrive chez trois ogresses. Un conte qui détourne les rôles attribués aux garçons et aux filles pour les dénoncer. Electre 2014 | ||
| 700 | 0 | |a Aymon |b Gaël |f 1973-.... |4 70 | |
| 701 | 0 | |a Nille |b Peggy |f 1972-.... |4 440 | |
| 900 | |a Conte | ||
| 901 | |a Accessible au prêt | ||
| 995 | |a Bibliothèque |c Bibliothèque |f 00156009969460 |h 00156009969460 |k C AYM |o p |q j |r az |e Bibliothèque | ||
